banner-ar

ديوان ابى فراس الحمدانى / (Record no. 66699)

MARC details
000 -الفاتح
حقل البيانات ثابتة الطول 01030nam a2200241Ia 4500
005 - وقت وتاريخ اخر تعامل مع التسجيلة
رقم الضبط 20240530110934.0
008 - عناصر البيانات ثابتة الطول - معلومات عامة
حقل البيانات ثابتة الطول 140319s2008 xx 000 0 ara d
040 ## - مصدر الفهرسة
وكالة الفهرسة الأصلية GCL /
وكالة النسخ GCL
082 04 - رقم تصنيف ديوى العشرى
رقم التصنيف 811.5 /
رقم المادة ف د
100 1# - المدخل الرئيسى - إسم شخصى
الإسم الشخصى ابى فراس الحمدانى، الحارث بن سعيد بن حمدان
245 10 - بيان العنوان
العنوان ديوان ابى فراس الحمدانى /
بيان المسئوليه,etc تاليف ابى فراس الحمدانى، الحارث بن سعيد بن حمدان ؛ معد محمد عبدالرحيم
260 ## - PUBLICATION, DISTRIBUTION, ETC. (IMPRINT)
تاريخ النشر أو التوزيع 2008
300 ## - الوصف المادى
التعداد 327 ص؛
تفاصيل ماديه اخرى للوعاء 20 سم
490 ## - بيان السلسلة
عنوان السلسلة موسوعة مملكة الشعراء - المتقن فى الشعر العربى
650 04 - المدخل الاضافى بالموضوع-مصطلح موضوعى
مصطلح موضوعي الشعر العربى
650 04 - المدخل الاضافى بالموضوع-مصطلح موضوعى
مصطلح موضوعي الادب العربى
650 04 - المدخل الاضافى بالموضوع-مصطلح موضوعى
مصطلح موضوعي دواوين وقصائد
650 04 - المدخل الاضافى بالموضوع-مصطلح موضوعى
مصطلح موضوعي ابى فراس الحمدانى
650 04 - المدخل الاضافى بالموضوع-مصطلح موضوعى
مصطلح موضوعي تاريخ ونقد
700 ## - المدخل الاضافى - اسم شخصى
الإسم الشخصى محمد عبدالرحيم
الدور معد
942 ## - عناصر المدخل الإضافي( كوها)
مصدر التصنيف او مخطط الترفيف Dewey Decimal Classification
Koha [default] item type كتاب
260 ## - PUBLICATION, DISTRIBUTION, ETC. (IMPRINT)
-- بيروت :
-- دار الراتب الجامعية،
Holdings
حالة التراجع حالة الفقد حالة تلف ليس للاعارة المكان المؤقت الموقع الحالى موقع الترفيف تاريخ الاكتساب اجمالي اﻻعارات رقم الطلب الباركود تاريخ اخر مشاهدة تاريخ تفعيل السعر نوع وعاء كوها
        مكتبة القاهرة الكبرى مكتبة القاهرة الكبرى ق الرئيسية_الأداب_ك عربى 09/19/2022   811.5 / ف د 168506 09/19/2022 09/19/2022 كتاب

Powered By

EGPV